Pokédex Génération 3 - Hoenn - Statistiques

Statistiques générales
  • Ce quiz a été pris 177 fois
  • Le résultat moyen est 92 sur 135
Statistiques - réponses
Numéro Nom % Correct
252 Arcko
100%
258 Gobou
98%
255 Poussifeu
98%
253 Massko
96%
257 Braségali
95%
383 Groudon
95%
382 Kyogre
95%
384 Rayquaza
95%
254 Jungko
94%
260 Laggron
92%
256 Galifeu
91%
263 Zigzaton
90%
386 Deoxys
88%
259 Flobio
88%
385 Jirachi
87%
264 Linéon
86%
379 Registeel
86%
378 Regice
85%
377 Regirock
85%
265 Chenipotte
84%
262 Grahyèna
83%
277 Hélédelle
83%
276 Nirondelle
81%
269 Papinox
81%
266 Armulys
80%
373 Drattak
80%
282 Gardevoir
80%
380 Latias
80%
381 Latios
80%
261 Medhyèna
80%
268 Blindalys
78%
371 Draby
78%
280 Tarsal
78%
334 Altaria
77%
323 Camérupt
77%
281 Kirlia
77%
267 Charmillon
76%
309 Dynavolt
76%
376 Métalosse
76%
333 Tylton
76%
279 Bekipan
75%
310 Élecsprint
75%
278 Goélise
75%
322 Chamallot
74%
375 Métang
74%
337 Séléroc
74%
372 Drackhaus
73%
338 Solaroc
73%
306 Galeking
72%
374 Terhal
72%
324 Chartor
71%
304 Galekid
71%
330 Libégon
71%
287 Parecool
71%
320 Wailmer
71%
305 Galegon
70%
271 Lombre
70%
289 Monaflèmit
70%
321 Wailord
70%
273 Grainipiot
69%
272 Ludicolo
69%
270 Nénupiot
69%
293 Chuchmur
68%
297 Hariyama
68%
328 Kraknoix
68%
312 Négapi
68%
311 Posipi
68%
275 Tengalice
68%
348 Armaldo
67%
349 Barpau
67%
274 Pifeuil
67%
319 Sharpedo
67%
296 Makuhita
66%
355 Skelénox
66%
299 Tarinor
66%
288 Vigoroth
66%
345 Lilia
65%
350 Milobellus
65%
294 Ramboum
65%
329 Vibraninf
65%
354 Branette
63%
363 Obalie
63%
364 Phogleur
63%
356 Téraclope
63%
295 Brouhabam
62%
286 Chapignon
62%
302 Ténéfix
62%
365 Kaimorse
62%
285 Balignon
61%
362 Oniglali
60%
359 Absol
59%
361 Stalgamin
59%
346 Vacilys
59%
347 Anorith
58%
318 Carvanha
58%
308 Charmina
58%
335 Mangriff
58%
292 Munja
58%
353 Polichombr
58%
369 Relicanth
58%
336 Séviper
58%
300 Skitty
58%
327 Spinda
58%
343 Balbuto
57%
301 Delcatty
57%
290 Ningale
57%
291 Ninjask
57%
315 Rosélia
56%
283 Arakdo
55%
344 Kaorine
55%
370 Lovdisc
55%
357 Tropius
55%
332 Cacturne
54%
366 Coquiperl
54%
307 Méditikka
54%
351 Morphéo
54%
303 Mysdibule
54%
367 Serpang
54%
331 Cacnéa
53%
284 Maskadra
53%
313 Muciole
53%
314 Lumivole
52%
368 Rosabyss
52%
325 Spoink
51%
298 Azurill
49%
317 Avaltout
48%
316 Gloupti
48%
326 Groret
48%
352 Kecleon
47%
358 Éoko
42%
341 Écrapince
41%
360 Okéoké
41%
340 Barbicha
39%
339 Barloche
39%
342 Colhomard
39%
Aucun quiz correspondant
Distribution des résultats
% des personnes avec chaque résultat
Percentile par nombre de réponses
Votre historique - résultats
Vous n’avez pas pris ce quiz